Largest Census-Designated Places - Statistics

General Stats
  • This quiz has been taken 28 times
    5 since last reset
  • The average score is 8 of 20
Answer Stats
State County/Parish Population Answer % Correct
Virginia Arlington 241,887 Arlington
100%
Nevada Clark 177,642 Paradise
100%
Nevada Clark 229,494 Spring Valley
100%
Nevada Clark 201,344 Sunrise Manor
100%
Texas Harris 100,406 Atascocita
50%
Florida Hillsborough 119,338 Brandon
50%
Nevada Clark 260,557 Enterprise
50%
Florida Lee 136,762 Lehigh Acres
50%
Louisiana Jefferson 139,114 Metairie
50%
Florida Hillsborough 116,251 Riverview
50%
Florida Lake/Marion/Sumter 89,185 The Villages
50%
Florida Orange 93,819 Alafaya
0%
California Sacramento 97,273 Arden-Arcade
0%
Maryland Howard 109,315 Columbia
0%
California Los Angeles 111,876 East Los Angeles
0%
Maryland Montgomery 91,473 Germantown
0%
Colorado Douglas 102,527 Highlands Ranch
0%
Florida Orange 87,384 Pine Hills
0%
Florida Hernando 123,474 Spring Hill
0%
Texas Harris/Montgomery 122,240 The Woodlands
0%
No matching quizzes found
Score Distribution
Percent of People with Each Score
Percentile by Number Answered
Your Score History
You have not taken this quiz since the last reset